Minecraft Update Names Quiz - Statistics

General Stats
  • This quiz has been taken 192 times
    181 since last reset
  • The average score is 8 of 18
Answer Stats
Hint Answer % Correct
1.17+1.18 Caves and Cliffs
84%
1.16 Nether Update
82%
1.14 Village & Pillage
66%
1.13 Update Aquatic
60%
1.9 Combat Update
55%
1.19 Wild Update
53%
1.20 Trails & Tales
48%
1.5 Redstone Update
47%
1.12 World of Color Update
47%
1.6 Horse Update
46%
1.15 Buzzy Bees
45%
1.0 Adventure Update
40%
1.11 Exploration Update
34%
1.7 The Update That Changed The World
34%
1.8 Bountiful Update
31%
1.10 Frostburn Update
29%
1.4 Pretty Scary Update
26%
1.2 Biomes Update
16%
No matching quizzes found
Score Distribution
Percent of People with Each Score
Percentile by Number Answered
Your Score History
You have not taken this quiz since the last reset